000 01157nam a2200313 c 4500
999 _c163241
_d163241
003 BLK
005 20230401030307.0
008 180410b bul|||||r ||||||| ||bul||
010 _aKNG00170646000
040 _aBLK
041 _aBUL
_cBUL
080 _aБългарска литература
_b821.163.2
_x-1
_z821.163.2-1
100 1 _aЧинтулов, Добри Петров
_d1822-1886
_9398576
139 _aЧинтулов, Добри Петров
_bЧ 83
245 1 0 _aСтихотворения
_cДобри Петров Чинтулов; предг. от Надежда Драгова.
250 _a10. изд.
257 _aBGR
260 _aСофия
_bБълг. писател
_c1974
300 _a64 с.
_c20 см
380 _aX
490 1 _aБиблиотека за ученика
500 _a1. изд. 1965. 30 100 тир.
700 1 _aДрагова, Надежда
_eпредг. от
_9369609
852 _aЦб 70089
856 4 _qpdf
856 4 _qpdf
942 _cKNG
_n0
_s1
944 _aCR
_c31.01.2015
_l31.01.2015 - от С1,Р / 31.01.2015
_kНора_Радева
944 _aED
_c31.01.2015
_l31.01.2015 - от С1,Р / 31.01.2015
944 _aED
_c2022-08-15
_kХристина Везирева
999 _d163241